La tercera edad: comprensión de sus problemas y auxilios prácticos para los ancianos
Gespeichert in:
| 1. Verfasser: | |
|---|---|
| Format: | Buch |
| Sprache: | Spanisch |
| Veröffentlicht: |
Barcelona
Gedisa
1978
|
| Schriftenreihe: | Colección libertad y cambio. Serie práctica, 3
|
| Schlagworte: | |
| Tags: |
Tag hinzufügen
Keine Tags, Fügen Sie den ersten Tag hinzu!
|
MARC
| LEADER | 00000nam a2200000 a 4500 | ||
|---|---|---|---|
| 001 | UCW6119 | ||
| 003 | CL-VaPUC | ||
| 008 | 911015e19780000SP |||||||||||||||||spa|d | ||
| 082 | 0 | 4 | |a 613.0438 |b HOO |2 21 |
| 100 | 0 | |a Hooker, Susan |e author |9 311101 | |
| 245 | 1 | 3 | |a La tercera edad: comprensión de sus problemas y auxilios prácticos para los ancianos |
| 300 | |a 253 p | ||
| 942 | |c BK | ||
| 945 | |d 19911015 00:00:00 | ||
| 260 | |a Barcelona |b Gedisa |c 1978 | ||
| 650 | 0 | |a Tercera edad |9 307285 | |
| 650 | 0 | |a Ancianos |9 307293 | |
| 583 | |a last modification |c 19911015 00:00:00 |k Rodrigo Vera | ||
| 490 | 0 | |a Colección libertad y cambio. Serie práctica, 3 | |
| 999 | |c 219281 |d 219279 | ||
| 952 | |0 0 |1 0 |4 0 |6 613_043800000000000_HOO_1978 |7 0 |8 P |9 209983 |a BIBEDU |b BIBEDU |c BIBEDU_PB |d 2019-11-15 |i 2780801 |o 613.0438 HOO 1978 |p 2780801 |r 2024-01-25 |w 2019-11-15 |y BK |k EDU | ||